000 05131cam a22018854i 4500
003 PE-LiUPU
005 20250813165434.0
008 170621s2016 sp a r 000 0 spa d
020 _a9788490772621
020 _a8490772622
035 _a(Sirsi) a204443
082 0 4 _a616.89
_bB34
_223
082 0 4 _a616.89
_bB34 2016
100 1 _aBecoña Iglesias, Elisardo.
245 _aTranstornos adictivos /
_cElisardo Becoña Iglesias.
264 1 _aMadrid :
_bSíntesis,
_c2016.
300 _a340 páginas ;
_c22 centímetros.
336 _atext
_2rdacontent
337 _aunmediated
_2rdamedia
338 _avolume
_2rdacarrier
504 _aBibliografía : páginas 337-340
505 0 _aLos transtornos -- Clasificación de los transtornos adictivos -- Evaluación de los transtonos adictivos -- Tratamiento psicológico de las adicciones. Modelo general de tratamiento -- Tratamiento de la dependencia del alcohol -- Tratamiento de la dependencia del tabaco -- Tratamiento de la dependencia del cannabis -- Tratamiento de la dependencia de la cocaína -- Tratamiento de la dependencia de la heroína -- Tratamiento del juego patológico.
526 _aP203
526 _aP200
526 _aSEG65
526 _aSEG64
526 _aSEG63
526 _aSEG62
526 _aSEG61
526 _aSEG60
526 _aSEG59
526 _aSEG58
526 _aSEG57
526 _aSEG56
526 _aSEG55
526 _aSEG54
526 _aSEG53
526 _aSEG52
526 _aSEG51
526 _aSEG50
526 _aSEG49
526 _aSEG48
526 _aSEG47
526 _aSEG46
526 _aSEG24
526 _aSEG23
526 _aSEG22
526 _aSEG21
526 _aSEG20
526 _aSEG19
526 _aSEG18
526 _aSEG17
526 _aSEG16
526 _aSEG14
526 _aSEG13
526 _aSEG12
526 _aSEG11
526 _aSEG10
526 _aSEG09
526 _aSEG06
526 _aSEG05
526 _aSEG04
526 _aSEG03
526 _aSEG02
526 _aSEG68
526 _aSEG66
526 _aSEG45
526 _aSEG25
526 _aSEG01
526 _aP163
526 _aP162
526 _aP161
526 _aP160
526 _aP159
526 _aP158
526 _aP157
526 _aP156
526 _aP155
526 _aP154
526 _aP153
526 _aP152
526 _aP151
526 _aP150
526 _aP149
526 _aP142
526 _aP141
526 _aP140
526 _aP139
526 _aP138
526 _aP137
526 _aP132
526 _aP131
526 _aP130
526 _aP126
526 _aP125
526 _aP124
526 _aP123
526 _aP115
526 _aP122
526 _aP121
526 _aP116
526 _a P114
526 _aP112
526 _aP111
526 _aP104
526 _aP103
526 _aP102
526 _aP101
526 _aP100
526 _aP96
526 _aP95
526 _aP93
526 _aP92
526 _aP91
526 _aP88
526 _aP83
526 _aP82
526 _aP79
526 _aP78
526 _aP75
526 _aP74
526 _aP71
526 _aP69
526 _a P51
526 _aP49
526 _aP48
526 _aP47
526 _aP33
526 _aP31
526 _a P30
526 _aP29
526 _aP27
526 _aP26
526 _aP25
526 _aP24
526 _a P22
526 _aP10
526 _aP09
526 _a P08
526 _aP06
526 _aP05
526 _aP04
526 _aP01
541 _g001-003386;
541 _g003-001187;
541 _gF00-00000833;
650 0 4 _aAdicción.
650 0 4 _aToxicomanía.
910 _ajck
_bebj
_cebj
_d20170621
910 _tqv
_d20180220
910 _armch
_btqv
_cjfb
_d20190121
942 _2ddc
_cBOOK
949 _a616.89 B34 2016
_wDEWEY
_c1
_iFJ10336
_lCCODEBUJ1
_mBUJ
_p28.00
_r0
_sY
_tBOOK
_u2018-02-20
_xSALUD
_PP33
_0COMPRA
_o.STAFF. Colección General Juliaca
949 _a616.89 B34 2016
_wDEWEY
_c2
_iFJ12398
_lCCODEBUJ1
_mBUJ
_p27.00
_r0
_sY
_tBOOK
_u2019-01-21
_xSALUD
_zPSICOLOGÍA
_0COMPRA
_o.STAFF. Colección General Juliaca
994 _aC0
_bPEPRU
596 _a1 3
999 _a616.89 B34
_wDEWEY
_c20794
_i76179
_d20794
_e2018-6-15
_f2021-11-4
_g4
_lCCODEBUL1
_mBUL
_n2
_p37.58
_q3
_r0
_sY
_tBOOK
_u2017-6-21
_xSALUD
_PP33
_0COMPRA
_o.STAFF. Colección Ciencias de la Salud
999 _a616.89 B34 2016
_wDEWEY
_c1
_iFJ10336
_lCCODEBUJ1
_mBUJ
_p28.00
_r0
_sY
_tBOOK
_u2018-2-20
_xSALUD
_PP33
_0COMPRA
_o.STAFF. Colección General Juliaca
999 _a616.89 B34 2016
_wDEWEY
_c2
_iFJ12398
_d2019-10-28
_e2019-10-24
_f2022-1-25
_g3
_lCCODEBUJ1
_mBUJ
_n2
_p27.00
_q4
_r0
_sY
_tBOOK
_u2019-1-21
_xSALUD
_PP33
_0COMPRA
_1FCOMPR2
_2UNKNOWN
_o.STAFF. Colección General Juliaca
980 _81
_gALBERTO SANCHEZ Responsable de Automatización